NBA Rosters (2024 - 2025) - Statistics

General Stats
  • This quiz has been taken 825 times
    336 since last reset
  • The average score is 261 of 450
Answer Stats
Answer % Correct
Trae Young
98%
Christian Braun
97%
Coby White
96%
Jaylen Brown
96%
Bruce Brown
95%
Derrick White
95%
Jayson Tatum
95%
Kobe Brown
95%
Kristaps Porziņģis
93%
A.J. Green
92%
Draymond Green
92%
Jalen Green
92%
Jalen Williams
92%
Javonte Green
92%
Jaylin Williams
92%
Jeff Green
92%
Josh Green
92%
Jrue Holiday
92%
Luka Dončić
92%
Donovan Mitchell
91%
LaMelo Ball
91%
Mark Williams
91%
Ajay Mitchell
90%
Anthony Davis
90%
Anthony Edwards
90%
Brandon Williams
90%
Cody Williams
90%
Davion Mitchell
90%
Giannis Antetokounmpo
90%
Grant Williams
90%
Josh Hart
90%
Kenrich Williams
90%
LeBron James
90%
Nate Williams
90%
Nikola Jokić
90%
Patrick Williams
90%
Robert Williams III
90%
Terence Davis
90%
Trayce Jackson-Davis
90%
Vince Williams Jr.
90%
Ziaire Williams
90%
Aaron Holiday
89%
Amen Thompson
89%
Ausar Thompson
89%
Bronny James
89%
Cade Cunningham
89%
Damian Lillard
89%
Darius Garland
89%
Dejounte Murray
89%
Jalen Brunson
89%
Jamal Murray
89%
Ja Morant
89%
Joel Embiid
89%
Justin Edwards
89%
Karl-Anthony Towns
89%
Keegan Murray
89%
Klay Thompson
89%
Kris Murray
89%
Kyrie Irving
89%
Shai Gilgeous-Alexander
89%
Stephen Curry
89%
Evan Mobley
88%
Kawhi Leonard
88%
Lonzo Ball
88%
Seth Curry
88%
Tristan Thompson
88%
AJ Johnson
87%
Cameron Johnson
87%
Devin Booker
87%
Jalen Johnson
87%
James Harden
87%
James Johnson
87%
Jarrett Allen
87%
Jimmy Butler III
87%
Julius Randle
87%
Keldon Johnson
87%
Keon Johnson
87%
Keshad Johnson
87%
Kevin Porter Jr.
87%
Michael Porter Jr.
87%
Rudy Gobert
87%
Tyrese Haliburton
87%
Victor Wembanyama
87%
Zion Williamson
87%
Bam Adebayo
86%
Clint Capela
86%
Craig Porter Jr.
86%
Ivica Zubac
86%
Jaren Jackson Jr.
86%
Kevin Durant
86%
Antonio Reeves
85%
Austin Reaves
85%
Grayson Allen
85%
Jalen Duren
85%
Jared Butler
85%
Paolo Banchero
85%
Tyler Herro
85%
Tyrese Maxey
85%
Aaron Gordon
84%
Chet Holmgren
84%
Mikal Bridges
84%
Miles Bridges
84%
Myles Turner
84%
Pascal Siakam
84%
Chris Paul
83%
Eric Gordon
83%
Franz Wagner
83%
Isaiah Hartenstein
83%
Keyonte George
83%
Kyshawn George
83%
Paul George
83%
Scottie Barnes
83%
Brook Lopez
82%
Alperen Şengün
81%
Andre Jackson Jr.
81%
Desmond Bane
81%
Domantas Sabonis
81%
GG Jackson II
81%
Harrison Barnes
81%
Mike Conley
81%
Moritz Wagner
81%
Payton Pritchard
81%
Rui Hachimura
81%
Zach LaVine
81%
Andrew Wiggins
80%
Dorian Finney-Smith
80%
Fred VanVleet
80%
Isaiah Jackson
80%
Aaron Wiggins
79%
Al Horford
79%
Brandon Miller
79%
Cam Thomas
79%
De'Aaron Fox
79%
Dereck Lively II
79%
Dillon Jones
79%
Jaxson Hayes
79%
Nikola Vučević
79%
Colby Jones
78%
DeMar DeRozan
78%
Derrick Jones Jr.
78%
Dyson Daniels
78%
Herbert Jones
78%
Isaac Jones
78%
Jabari Smith Jr.
78%
Jordan Poole
78%
Lauri Markkanen
78%
Luguentz Dort
78%
OG Anunoby
78%
Tre Jones
78%
Tyus Jones
78%
Brandin Podziemski
77%
Dillon Brooks
77%
Dwight Powell
77%
Jordan Miller
77%
Kyle Kuzma
77%
Leonard Miller
77%
Norman Powell
77%
Anfernee Simons
76%
P.J. Washington
76%
Ben Simmons
75%
Jaden McDaniels
75%
Jalen Smith
75%
Josh Giddey
75%
Nic Claxton
75%
Nick Smith Jr.
75%
Russell Westbrook
75%
Tyler Smith
75%
D'Angelo Russell
74%
Deandre Ayton
74%
Khris Middleton
74%
Zach Edey
74%
CJ McCollum
72%
Duncan Robinson
72%
Jalen Suggs
72%
Mitchell Robinson
72%
Tobias Harris
72%
Zaccharie Risacher
72%
Alex Caruso
71%
Bradley Beal
71%
Gary Harris
71%
Andrew Nembhard
70%
Brandon Ingram
70%
Aaron Nesmith
69%
Max Strus
69%
Stephon Castle
69%
Devin Carter
68%
Jaden Ivey
68%
Jevon Carter
68%
Jonathan Kuminga
68%
Kentavious Caldwell-Pope
68%
Nickeil Alexander-Walker
68%
Wendell Carter Jr.
68%
Collin Sexton
67%
Devin Vassell
67%
De'Andre Hunter
66%
RJ Barrett
66%
Buddy Hield
65%
Cole Anthony
65%
Daniel Gafford
65%
Dennis Schröder
65%
John Collins
65%
Scoot Henderson
65%
Zach Collins
64%
Alex Sarr
63%
Anthony Black
63%
Brandon Clarke
63%
DeAndre Jordan
63%
Jaylen Clark
63%
Jonas Valančiūnas
63%
Moses Moody
63%
Onyeka Okongwu
63%
Kyle Lowry
62%
Naz Reid
62%
Steven Adams
62%
T.J. McConnell
62%
Kelly Oubre Jr.
61%
Bennedict Mathurin
60%
Day'Ron Sharpe
60%
Jakob Poeltl
60%
Jordan Clarkson
60%
Jusuf Nurkić
60%
Kevon Looney
60%
Shaedon Sharpe
60%
Terry Rozier III
60%
Walker Kessler
60%
Donte DiVincenzo
59%
Scotty Pippen Jr.
59%
Bobby Portis
58%
Deni Avdija
58%
Gabe Vincent
58%
Kevin Huerter
58%
Bogdan Bogdanović
57%
Dalton Knecht
57%
Elfrid Payton
57%
Gary Payton II
57%
Jared McCain
57%
Malik Monk
57%
Marcus Smart
57%
Tim Hardaway Jr.
57%
Ty Jerome
57%
Immanuel Quickley
56%
Isaiah Stewart
56%
Luke Kornet
56%
Matas Buzelis
56%
Sam Hauser
56%
Cason Wallace
55%
Jeremy Sochan
55%
Kevin Love
55%
Caris LeVert
54%
Gradey Dick
54%
Kris Dunn
54%
Ryan Dunn
54%
Terance Mann
54%
Dean Wade
53%
Jerami Grant
53%
Kel'el Ware
53%
Miles McBride
53%
Obi Toppin
53%
Tre Mann
53%
Yves Missi
53%
Jabari Walker
52%
Jarace Walker
52%
Lonnie Walker IV
52%
Nick Richards
52%
Isaac Okoro
51%
Jarred Vanderbilt
51%
Jaylen Wells
51%
Markieff Morris
51%
Max Christie
51%
Monté Morris
51%
Rob Dillingham
51%
Cam Christie
50%
Malik Beasley
50%
Nikola Jović
50%
Quinten Post
50%
Spencer Dinwiddie
50%
Ben Sheppard
49%
Bilal Coulibaly
49%
Jose Alvarado
49%
Reed Sheppard
49%
Maxi Kleber
48%
Peyton Watson
48%
Isaiah Joe
47%
Jaime Jaquez Jr.
47%
Nicolas Batum
47%
Andre Drummond
46%
Goga Bitadze
46%
Trey Murphy III
46%
Bub Carrington
45%
Gary Trent Jr.
45%
Toumani Camara
45%
Caleb Martin
44%
Cameron Payne
44%
Cody Martin
44%
Donovan Clingan
44%
Georges Niang
44%
Isaiah Collier
44%
Jonathan Isaac
44%
Jordan Walsh
44%
Kenyon Martin Jr.
44%
Mason Plumlee
44%
Santi Aldama
44%
Tyrese Martin
44%
Alex Len
43%
Haywood Highsmith
43%
Quentin Grimes
43%
Talen Horton-Tucker
43%
Taurean Prince
43%
Dante Exum
41%
Neemias Queta
41%
Pat Spencer
41%
P. J. Tucker
41%
Tari Eason
41%
Xavier Tillman Sr.
41%
Guerschon Yabusele
40%
Keon Ellis
40%
Thomas Bryant
39%
Ayo Dosunmu
38%
Jett Howard
38%
Julian Strawther
38%
Kelly Olynyk
38%
Luke Kennard
38%
Nikola Topić
38%
Paul Reed
38%
Royce O'Neale
38%
Kyle Anderson
37%
Ron Holland II
37%
Jaden Hardy
36%
Landry Shamet
36%
Precious Achiuwa
36%
Torrey Craig
36%
Bol Bol
35%
Dario Šarić
35%
Pat Connaughton
35%
Chris Boucher
34%
Patty Mills
34%
Sam Merrill
34%
Baylor Scheierman
33%
Gui Santos
33%
Julian Champagnie
33%
Luka Garza
33%
Malcolm Brogdon
33%
Markelle Fultz
33%
Cam Whitmore
32%
Jae Crowder
32%
Jae'Sean Tate
32%
Joe Ingles
32%
Justin Champagnie
32%
Kyle Filipowski
32%
Larry Nance Jr.
32%
Marvin Bagley III
32%
Naji Marshall
32%
Vít Krejčí
32%
Adem Bona
31%
Corey Kispert
31%
DaRon Holmes II
31%
Jock Landale
31%
Marcus Sasser
31%
Richaun Holmes
31%
Taj Gibson
31%
Alec Burks
30%
Jay Huff
30%
Simone Fontecchio
30%
Tristan da Silva
30%
Cory Joseph
29%
Jericho Sims
29%
Jordan Goodwin
29%
Kobe Bufkin
29%
Taylor Hendricks
29%
Zeke Nnaji
29%
De'Anthony Melton
28%
Jordan Hawkins
28%
Josh Okogie
28%
Matisse Thybulle
28%
Saddiq Bey
28%
Sandro Mamukelashvili
28%
Terrence Shannon Jr.
28%
Tidjane Salaün
28%
Hunter Tyson
27%
Ja'Kobe Walter
27%
Jaylon Tyson
27%
Delon Wright
26%
Garrison Mathews
26%
Jamal Shead
26%
Johnny Furphy
26%
Ochai Agbaji
26%
Ryan Rollins
26%
Shake Milton
26%
Tyler Kolek
26%
Damion Lee
25%
Duop Reath
25%
Ousmane Dieng
25%
Tony Bradley
25%
Trey Lyles
25%
Ariel Hukporti
24%
Jalen Wilson
24%
Pelle Larsson
24%
Brice Sensabaugh
23%
JD Davison
23%
Kevin Knox II
23%
Noah Clowney
23%
Amir Coffey
22%
Bismack Biyombo
22%
Brandon Boston Jr.
22%
Caleb Houstan
22%
Dalano Banton
22%
John Konchar
22%
Malaki Branham
22%
Mouhamed Gueye
22%
Moussa Diabaté
22%
Vlatko Čančar
22%
Jalen Pickett
21%
Oso Ighodaro
21%
Drew Eubanks
20%
Jake LaRavia
20%
Jeremiah Robinson-Earl
20%
Jonathan Mogbo
20%
Jordan McLaughlin
20%
Lindy Waters III
20%
Olivier-Maxence Prosper
20%
Vasilije Micić
20%
Braxton Key
19%
Dalen Terry
19%
Dariq Whitehead
19%
Jamison Battle
19%
Pacôme Dadiet
19%
Sviatoslav Mykhailiuk
19%
Doug McDermott
18%
Trendon Watford
18%
Anthony Gill
17%
Dominick Barlow
17%
Maxwell Lewis
17%
Blake Wesley
16%
Bobi Klintman
16%
Chuma Okeke
16%
Jaden Springer
16%
Julian Phillips
16%
Rayan Rupert
16%
Ricky Council IV
16%
Garrett Temple
15%
Josh Minott
15%
A.J. Lawson
14%
Charles Bassey
14%
Johnny Juzang
14%
Karlo Matković
14%
Lamar Stevens
14%
DaQuan Jeffries
13%
Drew Timme
13%
Colin Castleton
11%
Chris Livingston
10%
No matching quizzes found
Score Distribution
Percent of People with Each Score
Percentile by Number Answered
Your Score History
You have not taken this quiz since the last reset